[Event "Moscow Open 2016 B"]
[Site "?"]
[Date "2016.02.01"]
[Round "3.19"]
[White "Bodnaruk, Anastasia"]
[Black "Maltsevskaya, Aleksandra"]
[Result "1-0"]
[BlackElo "2258"]
[WhiteElo "2453"]
[LiveChessVersion "1.4.7"]

1. e4 {[%clk 1:30:59]} d6 {[%clk 1:30:53]} 2. d4 {[%clk 1:31:05]} Nf6
{[%clk 1:31:11]} 3. Nc3 {[%clk 1:31:29]} e5 {[%clk 1:31:33]} 4. Nf3
{[%clk 1:29:21]} Nbd7 {[%clk 1:31:47]} 5. Bc4 {[%clk 1:28:35]} Be7
{[%clk 1:32:08]} 6. Ng5 {[%clk 1:13:59]} d5 {[%clk 1:10:35]} 7. Nxd5
{[%clk 1:07:29]} O-O {[%clk 0:57:20]} 8. Nxf6+ {[%clk 0:57:52]} Bxf6
{[%clk 0:56:28]} 9. Qh5 {[%clk 0:54:17]} Bxg5 {[%clk 0:55:16]} 10. Bxg5
{[%clk 0:54:43]} Qe8 {[%clk 0:47:38]} 11. d5 {[%clk 0:51:27]} Nc5
{[%clk 0:45:48]} 12. f3 {[%clk 0:49:39]} b5 {[%clk 0:30:10]} 13. Be2
{[%clk 0:48:46]} c6 {[%clk 0:27:44]} 14. O-O-O {[%clk 0:42:03]} Bb7
{[%clk 0:25:40]} 15. Be3 {[%clk 0:35:00]} Nd7 {[%clk 0:24:51]} 16. dxc6
{[%clk 0:34:46]} Bxc6 {[%clk 0:25:13]} 17. Rd6 {[%clk 0:34:47]} Nb6
{[%clk 0:22:27]} 18. Rhd1 {[%clk 0:25:41]} Na4 {[%clk 0:15:30]} 19. Bf2
{[%clk 0:20:58]} Rc8 {[%clk 0:11:23]} 20. Bg3 {[%clk 0:20:06]} f6
{[%clk 0:10:35]} 21. Qxe8 {[%clk 0:20:21]} Bxe8 {[%clk 0:10:23]} 22. Bf2
{[%clk 0:19:02]} b4 {[%clk 0:01:40]} 23. Bxa7 {[%clk 0:17:23]} Bf7
{[%clk 0:01:44]} 24. Kb1 {[%clk 0:16:34]} Nc5 {[%clk 0:01:28]} 25. Bxc5
{[%clk 0:16:09]} Rxc5 {[%clk 0:01:51]} 26. Rd8 {[%clk 0:16:18]} Ra5
{[%clk 0:01:41]} 27. b3 {[%clk 0:16:31]} Ra8 {[%clk 0:01:42]} 28. Rxa8
{[%clk 0:15:59]} Rxa8 {[%clk 0:02:05]} 29. Rd7 {[%clk 0:16:08]} Rb8
{[%clk 0:02:22]} 30. Kb2 {[%clk 0:16:11]} g6 {[%clk 0:01:54]} 31. Bc4
{[%clk 0:14:00]} Bxc4 {[%clk 0:01:43]} 32. bxc4 {[%clk 0:14:30]} 1-0

[Event "Moscow Open 2016 B"]
[Site "?"]
[Date "2016.02.01"]
[Round "3.20"]
[White "Drozdova, Dina"]
[Black "Nechaeva, Marina"]
[Result "1/2-1/2"]
[BlackElo "2438"]
[WhiteElo "2238"]
[LiveChessVersion "1.4.7"]

1. d4 {[%clk 1:27:20]} d5 {[%clk 1:30:15]} 2. c4 {[%clk 1:27:32]} c6
{[%clk 1:30:38]} 3. cxd5 {[%clk 1:27:46]} cxd5 {[%clk 1:31:03]} 4. Nc3
{[%clk 1:28:11]} Nf6 {[%clk 1:31:26]} 5. Bf4 {[%clk 1:28:27]} Nc6
{[%clk 1:31:50]} 6. e3 {[%clk 1:28:51]} Bg4 {[%clk 1:32:04]} 7. f3
{[%clk 1:28:58]} Bd7 {[%clk 1:32:22]} 8. Bd3 {[%clk 1:29:03]} e6 {[%clk 1:32:47]}
9. g4 {[%clk 1:28:12]} Be7 {[%clk 1:32:27]} 10. Nge2 {[%clk 1:26:53]} O-O
{[%clk 1:22:28]} 11. Rc1 {[%clk 1:20:03]} Rc8 {[%clk 1:15:24]} 12. h4
{[%clk 1:13:14]} Ne8 {[%clk 1:12:12]} 13. h5 {[%clk 0:58:29]} Bh4+
{[%clk 1:09:10]} 14. Kf1 {[%clk 0:53:34]} Bg5 {[%clk 0:48:42]} 15. Kg2
{[%clk 0:40:03]} Bxf4 {[%clk 0:41:29]} 16. exf4 {[%clk 0:39:03]} Nd6
{[%clk 0:36:28]} 17. b3 {[%clk 0:27:47]} f5 {[%clk 0:24:41]} 18. Kg3
{[%clk 0:18:51]} h6 {[%clk 0:21:24]} 19. Nb5 {[%clk 0:14:33]} Ne8
{[%clk 0:11:27]} 20. Nbc3 {[%clk 0:13:35]} a6 {[%clk 0:11:01]} 21. Qd2
{[%clk 0:08:43]} Nd6 {[%clk 0:08:53]} 22. Na4 {[%clk 0:03:53]} Qe7
{[%clk 0:08:49]} 23. Nc5 {[%clk 0:04:02]} fxg4 {[%clk 0:02:40]} 24. fxg4
{[%clk 0:04:20]} b6 {[%clk 0:03:05]} 25. Na4 {[%clk 0:03:38]} Nb4
{[%clk 0:02:28]} 26. Rxc8 {[%clk 0:03:09]} Nxc8 {[%clk 0:01:53]} 27. Nac3
{[%clk 0:03:00]} Nxd3 {[%clk 0:01:31]} 28. Qxd3 {[%clk 0:03:24]} b5
{[%clk 0:01:11]} 29. Nd1 {[%clk 0:02:23]} Nd6 {[%clk 0:01:31]} 30. Nf2
{[%clk 0:02:46]} b4 {[%clk 0:01:44]} 31. Qe3 {[%clk 0:02:32]} Bb5
{[%clk 0:02:10]} 32. Rc1 {[%clk 0:01:17]} Qf6 {[%clk 0:01:05]} 33. Ng1
{[%clk 0:01:23]} g6 {[%clk 0:00:51]} 34. Qe5 {[%clk 0:01:13]} Ne4+
{[%clk 0:00:37]} 35. Nxe4 {[%clk 0:01:32]} dxe4 {[%clk 0:01:04]} 36. hxg6
{[%clk 0:00:46]} Qxg6 {[%clk 0:01:25]} 37. Rc7 {[%clk 0:00:55]} h5
{[%clk 0:00:56]} 38. Qxh5 {[%clk 0:00:53]} Qxh5 {[%clk 0:01:21]} 39. gxh5
{[%clk 0:01:19]} Rd8 {[%clk 0:01:28]} 40. Re7 {[%clk 0:31:21]} Rxd4
{[%clk 0:31:40]} 41. Rxe6 {[%clk 0:31:46]} Rd3+ {[%clk 0:16:50]} 42. Kf2
{[%clk 0:18:18]} Rd2+ {[%clk 0:16:54]} 43. Ke3 {[%clk 0:18:16]} Rxa2
{[%clk 0:17:04]} 44. Rg6+ {[%clk 0:09:37]} Kh8 {[%clk 0:07:46]} 45. Rh6+
{[%clk 0:08:06]} Kg7 {[%clk 0:08:08]} 46. Rg6+ {[%clk 0:08:33]} Kh8
{[%clk 0:08:35]} 47. Kxe4 {[%clk 0:02:40]} Rh2 {[%clk 0:08:32]} 48. Rg5
{[%clk 0:01:33]} Be8 {[%clk 0:04:16]} 49. Kd4 {[%clk 0:01:50]} Rxh5
{[%clk 0:02:38]} 50. Rxh5+ {[%clk 0:01:45]} 1/2-1/2

[Event "Moscow Open 2016 B"]
[Site "?"]
[Date "2016.02.01"]
[Round "3.21"]
[White "Charochkina, Daria"]
[Black "Zhou, Guijue"]
[Result "1/2-1/2"]
[BlackElo "2237"]
[WhiteElo "2396"]
[LiveChessVersion "1.4.7"]

1. Nf3 {[%clk 1:25:10]} d5 {[%clk 1:30:53]} 2. c4 {[%clk 1:25:18]} d4
{[%clk 1:31:14]} 3. b4 {[%clk 1:25:24]} f6 {[%clk 1:31:21]} 4. e3
{[%clk 1:21:16]} e5 {[%clk 1:31:47]} 5. Bb2 {[%clk 1:12:54]} dxe3
{[%clk 1:25:21]} 6. fxe3 {[%clk 1:13:17]} Bxb4 {[%clk 1:24:48]} 7. Be2
{[%clk 1:12:55]} Nh6 {[%clk 1:21:36]} 8. O-O {[%clk 1:12:33]} O-O
{[%clk 1:19:44]} 9. Qb3 {[%clk 1:09:49]} Be7 {[%clk 1:19:17]} 10. d4
{[%clk 1:09:55]} exd4 {[%clk 1:17:54]} 11. exd4 {[%clk 1:09:57]} c5
{[%clk 1:17:23]} 12. Nc3 {[%clk 1:09:21]} cxd4 {[%clk 1:15:42]} 13. c5+
{[%clk 1:05:39]} Kh8 {[%clk 1:15:37]} 14. Ne4 {[%clk 1:06:03]} Nc6
{[%clk 1:14:05]} 15. Rfd1 {[%clk 0:59:28]} Bf5 {[%clk 1:07:35]} 16. Nd6
{[%clk 0:55:30]} Bxd6 {[%clk 1:07:22]} 17. cxd6 {[%clk 0:55:55]} Qxd6
{[%clk 1:07:32]} 18. Ba3 {[%clk 0:55:21]} Qf4 {[%clk 1:02:07]} 19. Bxf8
{[%clk 0:31:44]} Rxf8 {[%clk 1:02:25]} 20. h3 {[%clk 0:32:12]} Bc8
{[%clk 0:58:25]} 21. Bb5 {[%clk 0:30:53]} Nf5 {[%clk 0:53:58]} 22. Bxc6
{[%clk 0:30:48]} bxc6 {[%clk 0:54:23]} 23. Rac1 {[%clk 0:26:15]} Bd7
{[%clk 0:21:50]} 24. Qd3 {[%clk 0:26:24]} Be6 {[%clk 0:21:13]} 25. Rxc6
{[%clk 0:19:43]} Bxa2 {[%clk 0:17:17]} 26. Nxd4 {[%clk 0:18:57]} Ne3
{[%clk 0:14:06]} 27. Rdc1 {[%clk 0:10:23]} Bg8 {[%clk 0:12:07]} 28. Rc8
{[%clk 0:06:10]} Rxc8 {[%clk 0:10:08]} 29. Rxc8 {[%clk 0:06:37]} Qg5
{[%clk 0:09:18]} 30. Qe4 {[%clk 0:04:23]} h5 {[%clk 0:07:16]} 31. Ne6
{[%clk 0:03:46]} Qg3 {[%clk 0:06:40]} 32. Rc1 {[%clk 0:02:00]} Bxe6
{[%clk 0:03:19]} 33. Rc8+ {[%clk 0:01:03]} Bg8 {[%clk 0:02:29]} 34. Rxg8+
{[%clk 0:01:13]} Kxg8 {[%clk 0:02:56]} 35. Qe8+ {[%clk 0:01:41]} Kh7
{[%clk 0:03:22]} 36. Qxh5+ {[%clk 0:02:08]} Kg8 {[%clk 0:03:48]} 37. Qe8+
{[%clk 0:02:36]} 1/2-1/2

[Event "Moscow Open 2016 B"]
[Site "?"]
[Date "2016.02.01"]
[Round "3.22"]
[White "Travkina, Anastasia"]
[Black "Vasilevich, Tatjana"]
[Result "0-1"]
[BlackElo "2380"]
[WhiteElo "2222"]
[LiveChessVersion "1.4.7"]

1. e4 {[%clk 1:30:58]} c5 {[%clk 1:30:56]} 2. Nf3 {[%clk 1:31:21]} a6
{[%clk 1:31:23]} 3. c4 {[%clk 1:31:43]} Nc6 {[%clk 1:31:34]} 4. d4
{[%clk 1:32:03]} cxd4 {[%clk 1:31:50]} 5. Nxd4 {[%clk 1:32:24]} e6
{[%clk 1:32:03]} 6. Nxc6 {[%clk 1:28:22]} bxc6 {[%clk 1:31:52]} 7. Bd3
{[%clk 1:23:32]} Nf6 {[%clk 1:29:35]} 8. O-O {[%clk 1:17:20]} e5 {[%clk 1:29:05]}
9. Be3 {[%clk 1:04:43]} d6 {[%clk 1:29:15]} 10. h3 {[%clk 0:56:16]} Be7
{[%clk 1:29:29]} 11. Nc3 {[%clk 0:52:42]} O-O {[%clk 1:29:32]} 12. f4
{[%clk 0:50:52]} exf4 {[%clk 1:28:50]} 13. Bxf4 {[%clk 0:46:27]} Nd7
{[%clk 1:21:20]} 14. Ne2 {[%clk 0:43:25]} Ne5 {[%clk 1:13:51]} 15. b3
{[%clk 0:36:20]} a5 {[%clk 1:04:06]} 16. Bc2 {[%clk 0:34:54]} Bf6
{[%clk 0:57:05]} 17. Rb1 {[%clk 0:32:45]} a4 {[%clk 0:51:10]} 18. Be3
{[%clk 0:24:58]} axb3 {[%clk 0:51:00]} 19. Bxb3 {[%clk 0:24:24]} Qe7
{[%clk 0:49:25]} 20. Qc2 {[%clk 0:19:44]} c5 {[%clk 0:36:35]} 21. Nf4
{[%clk 0:17:17]} Be6 {[%clk 0:36:52]} 22. Rbd1 {[%clk 0:13:44]} Nc6
{[%clk 0:35:24]} 23. Kh1 {[%clk 0:14:05]} Rfb8 {[%clk 0:30:26]} 24. Qd2
{[%clk 0:12:00]} Be5 {[%clk 0:30:55]} 25. Nd3 {[%clk 0:09:07]} Bd4
{[%clk 0:26:39]} 26. Nf4 {[%clk 0:09:21]} Ra3 {[%clk 0:22:07]} 27. Rf3
{[%clk 0:09:20]} Ne5 {[%clk 0:18:28]} 28. Bxd4 {[%clk 0:06:33]} Nxf3
{[%clk 0:18:15]} 29. gxf3 {[%clk 0:06:40]} cxd4 {[%clk 0:18:38]} 30. Qxd4
{[%clk 0:06:48]} Qh4 {[%clk 0:09:39]} 31. Qxd6 {[%clk 0:05:35]} Raa8
{[%clk 0:05:59]} 32. Nxe6 {[%clk 0:03:16]} Qxh3+ {[%clk 0:05:35]} 33. Kg1
{[%clk 0:02:28]} fxe6 {[%clk 0:04:39]} 34. c5 {[%clk 0:02:03]} Qxf3
{[%clk 0:01:18]} 35. Rd3 {[%clk 0:01:51]} Qe2 {[%clk 0:01:06]} 36. Rd2
{[%clk 0:00:47]} Qe1+ {[%clk 0:01:00]} 37. Kh2 {[%clk 0:01:10]} Qh4+
{[%clk 0:00:55]} 38. Kg1 {[%clk 0:01:40]} Qe1+ {[%clk 0:01:04]} 39. Kh2
{[%clk 0:02:09]} Qh4+ {[%clk 0:01:18]} 40. Kg1 {[%clk 0:32:37]} Rf8
{[%clk 0:30:59]} 41. Rg2 {[%clk 0:28:50]} Qe1+ {[%clk 0:26:28]} 42. Kh2
{[%clk 0:29:13]} Rf1 {[%clk 0:18:30]} 0-1

[Event "Moscow Open 2016 B"]
[Site "?"]
[Date "2016.02.01"]
[Round "3.23"]
[White "Mirzoeva, Elmira"]
[Black "Kochukova, Anna"]
[Result "1-0"]
[BlackElo "2212"]
[WhiteElo "2361"]
[LiveChessVersion "1.4.7"]

1. d4 {[%clk 1:30:57]} Nf6 {[%clk 1:30:52]} 2. c4 {[%clk 1:31:14]} e6
{[%clk 1:31:18]} 3. Nf3 {[%clk 1:31:24]} b6 {[%clk 1:31:38]} 4. g3
{[%clk 1:31:33]} Bb7 {[%clk 1:32:01]} 5. Bg2 {[%clk 1:31:36]} Be7
{[%clk 1:32:15]} 6. Nc3 {[%clk 1:31:44]} O-O {[%clk 1:32:28]} 7. d5
{[%clk 1:31:50]} Bb4 {[%clk 1:32:41]} 8. Bd2 {[%clk 1:31:34]} Na6
{[%clk 1:32:41]} 9. O-O {[%clk 1:30:34]} Bxc3 {[%clk 1:31:15]} 10. Bxc3
{[%clk 1:30:36]} Nc5 {[%clk 1:31:38]} 11. Nh4 {[%clk 1:18:04]} exd5
{[%clk 1:25:49]} 12. cxd5 {[%clk 1:15:49]} Re8 {[%clk 1:18:35]} 13. Nf5
{[%clk 1:09:06]} Nce4 {[%clk 1:15:39]} 14. Bd4 {[%clk 1:05:05]} Nxd5
{[%clk 0:49:19]} 15. Nxg7 {[%clk 0:59:05]} c5 {[%clk 0:48:00]} 16. Nxe8
{[%clk 0:56:32]} Qxe8 {[%clk 0:48:04]} 17. e3 {[%clk 0:46:11]} f5
{[%clk 0:43:15]} 18. Bc3 {[%clk 0:45:10]} Ndxc3 {[%clk 0:39:37]} 19. bxc3
{[%clk 0:45:27]} d5 {[%clk 0:38:46]} 20. Qd3 {[%clk 0:41:08]} Qe5
{[%clk 0:36:01]} 21. Rac1 {[%clk 0:34:50]} Rd8 {[%clk 0:28:59]} 22. Rfd1
{[%clk 0:28:41]} Rd6 {[%clk 0:27:34]} 23. f3 {[%clk 0:25:43]} Nf6
{[%clk 0:23:43]} 24. e4 {[%clk 0:14:46]} f4 {[%clk 0:20:25]} 25. gxf4
{[%clk 0:10:29]} Qxf4 {[%clk 0:20:50]} 26. Qd2 {[%clk 0:10:16]} Nh5
{[%clk 0:18:07]} 27. Qxf4 {[%clk 0:09:54]} Nxf4 {[%clk 0:18:35]} 28. Kf2
{[%clk 0:10:03]} Rh6 {[%clk 0:14:22]} 29. exd5 {[%clk 0:09:50]} Bxd5
{[%clk 0:14:25]} 30. Bf1 {[%clk 0:07:13]} Be6 {[%clk 0:13:35]} 31. Rd8+
{[%clk 0:06:12]} Kf7 {[%clk 0:13:52]} 32. Ra8 {[%clk 0:06:09]} a5
{[%clk 0:13:15]} 33. c4 {[%clk 0:05:52]} Rxh2+ {[%clk 0:11:30]} 34. Kg3
{[%clk 0:02:46]} Ne2+ {[%clk 0:11:53]} 35. Kxh2 {[%clk 0:03:07]} Nxc1
{[%clk 0:12:21]} 36. Rb8 {[%clk 0:01:27]} Nxa2 {[%clk 0:11:34]} 37. Rxb6
{[%clk 0:01:55]} a4 {[%clk 0:08:08]} 38. Ra6 {[%clk 0:02:07]} Nc3
{[%clk 0:08:06]} 39. Kg3 {[%clk 0:01:47]} Bd7 {[%clk 0:05:18]} 40. Ra7
{[%clk 0:30:54]} Ke8 {[%clk 0:34:44]} 41. Bd3 {[%clk 0:23:08]} h6
{[%clk 0:33:11]} 42. f4 {[%clk 0:22:55]} Nd1 {[%clk 0:31:50]} 43. Bg6+
{[%clk 0:20:26]} Kd8 {[%clk 0:30:29]} 44. f5 {[%clk 0:20:24]} Nc3
{[%clk 0:27:40]} 45. f6 {[%clk 0:16:54]} Ne2+ {[%clk 0:27:54]} 46. Kf3
{[%clk 0:15:14]} Nd4+ {[%clk 0:28:00]} 47. Kf4 {[%clk 0:13:09]} Kc8
{[%clk 0:23:27]} 48. f7 {[%clk 0:13:03]} Ne6+ {[%clk 0:23:49]} 49. Ke5
{[%clk 0:13:08]} Kd8 {[%clk 0:22:58]} 50. Ra8+ {[%clk 0:13:05]} Ke7
{[%clk 0:22:26]} 51. Re8+ {[%clk 0:13:23]} 1-0

[Event "Moscow Open 2016 B"]
[Site "?"]
[Date "2016.02.01"]
[Round "3.24"]
[White "Stepovaia, Tatiana"]
[Black "Semenova, Elena"]
[Result "0-1"]
[BlackElo "2207"]
[WhiteElo "2351"]
[LiveChessVersion "1.4.7"]

1. e4 {[%clk 1:30:54]} e5 {[%clk 1:30:52]} 2. Nf3 {[%clk 1:31:18]} Nf6
{[%clk 1:30:46]} 3. d4 {[%clk 1:29:09]} Nxe4 {[%clk 1:30:51]} 4. Bd3
{[%clk 1:29:04]} d5 {[%clk 1:31:01]} 5. dxe5 {[%clk 1:28:58]} Be7
{[%clk 1:28:22]} 6. O-O {[%clk 1:29:02]} Nc5 {[%clk 1:27:37]} 7. Be2
{[%clk 1:22:55]} O-O {[%clk 1:25:45]} 8. Nc3 {[%clk 1:21:28]} c6 {[%clk 1:22:55]}
9. Nd4 {[%clk 1:13:22]} Nbd7 {[%clk 1:13:08]} 10. f4 {[%clk 1:11:10]} Re8
{[%clk 1:07:46]} 11. b4 {[%clk 1:04:32]} Ne6 {[%clk 0:59:08]} 12. Nxe6
{[%clk 1:02:27]} fxe6 {[%clk 0:57:42]} 13. Rb1 {[%clk 1:01:46]} a5
{[%clk 0:46:05]} 14. bxa5 {[%clk 1:00:34]} Qxa5 {[%clk 0:45:00]} 15. Rf3
{[%clk 1:00:51]} Nf8 {[%clk 0:38:55]} 16. Bd2 {[%clk 0:56:57]} Qa7+
{[%clk 0:36:39]} 17. Kh1 {[%clk 0:56:46]} b5 {[%clk 0:36:35]} 18. a3
{[%clk 0:51:35]} Qc7 {[%clk 0:33:05]} 19. Rb3 {[%clk 0:45:17]} Bb7
{[%clk 0:31:09]} 20. Bd3 {[%clk 0:37:08]} d4 {[%clk 0:23:05]} 21. Nb1
{[%clk 0:28:31]} c5 {[%clk 0:20:22]} 22. Rxb5 {[%clk 0:26:20]} Bxf3
{[%clk 0:18:43]} 23. Qxf3 {[%clk 0:26:24]} Reb8 {[%clk 0:17:47]} 24. c4
{[%clk 0:23:23]} dxc3 {[%clk 0:11:30]} 25. Nxc3 {[%clk 0:23:15]} Rxa3
{[%clk 0:11:08]} 26. Rxb8 {[%clk 0:23:04]} Qxb8 {[%clk 0:11:31]} 27. h3
{[%clk 0:23:24]} Qb2 {[%clk 0:09:08]} 28. Nb1 {[%clk 0:10:33]} Ra1
{[%clk 0:07:32]} 29. Qd1 {[%clk 0:10:43]} c4 {[%clk 0:07:09]} 30. Bc2
{[%clk 0:11:05]} Ra2 {[%clk 0:03:38]} 31. Be4 {[%clk 0:11:16]} Qd4
{[%clk 0:03:51]} 32. Qe1 {[%clk 0:10:43]} Bc5 {[%clk 0:03:38]} 33. f5
{[%clk 0:04:56]} exf5 {[%clk 0:03:03]} 34. Bxf5 {[%clk 0:04:45]} g6
{[%clk 0:01:41]} 35. Bg4 {[%clk 0:02:27]} Qf2 {[%clk 0:00:52]} 36. Qxf2
{[%clk 0:02:05]} Bxf2 {[%clk 0:01:19]} 37. Be2 {[%clk 0:00:50]} Rc2
{[%clk 0:01:08]} 38. Kh2 {[%clk 0:01:11]} Bd4 {[%clk 0:01:15]} 39. Kg3
{[%clk 0:00:58]} Bxe5+ {[%clk 0:00:54]} 40. Kf3 {[%clk 0:31:18]} c3
{[%clk 0:30:32]} 41. Bh6 {[%clk 0:27:44]} Bg7 {[%clk 0:23:45]} 42. Bd3
{[%clk 0:27:04]} Rb2 {[%clk 0:23:12]} 43. Bc1 {[%clk 0:24:22]} Rb6
{[%clk 0:22:32]} 44. Na3 {[%clk 0:24:34]} Ne6 {[%clk 0:21:26]} 45. Bc4
{[%clk 0:19:07]} Kh8 {[%clk 0:20:54]} 46. Ke4 {[%clk 0:18:55]} Nd4
{[%clk 0:18:20]} 47. Bd3 {[%clk 0:09:36]} Re6+ {[%clk 0:14:12]} 48. Kd5
{[%clk 0:09:19]} Re1 {[%clk 0:14:19]} 49. Bf4 {[%clk 0:08:52]} Ra1
{[%clk 0:14:37]} 0-1

[Event "Moscow Open 2016 B"]
[Site "?"]
[Date "2016.02.01"]
[Round "3.25"]
[White "Dimitrova, Aleksandra"]
[Black "Soumya, Swaminathan"]
[Result "0-1"]
[BlackElo "2345"]
[WhiteElo "2196"]
[LiveChessVersion "1.4.7"]

1. e4 {[%clk 1:28:08]} c5 {[%clk 1:28:05]} 2. Nf3 {[%clk 1:28:30]} d6
{[%clk 1:28:17]} 3. d4 {[%clk 1:28:52]} cxd4 {[%clk 1:28:43]} 4. Nxd4
{[%clk 1:29:19]} Nf6 {[%clk 1:29:09]} 5. Nc3 {[%clk 1:29:39]} Nc6
{[%clk 1:29:36]} 6. Bg5 {[%clk 1:30:00]} e6 {[%clk 1:28:51]} 7. Qd2
{[%clk 1:30:14]} a6 {[%clk 1:29:18]} 8. O-O-O {[%clk 1:30:10]} Bd7
{[%clk 1:29:43]} 9. f4 {[%clk 1:30:12]} b5 {[%clk 1:29:57]} 10. Bxf6
{[%clk 1:30:12]} gxf6 {[%clk 1:30:21]} 11. Nxc6 {[%clk 1:30:20]} Bxc6
{[%clk 1:30:49]} 12. Qe1 {[%clk 1:29:38]} Ra7 {[%clk 1:25:51]} 13. Bd3
{[%clk 1:23:38]} Qb6 {[%clk 1:20:50]} 14. Kb1 {[%clk 1:14:37]} Qc5
{[%clk 1:14:10]} 15. Qh4 {[%clk 1:05:34]} Rg8 {[%clk 1:09:16]} 16. Rhe1
{[%clk 1:00:29]} Be7 {[%clk 1:05:45]} 17. f5 {[%clk 0:57:25]} Qe5
{[%clk 0:49:11]} 18. Ne2 {[%clk 0:45:54]} Rxg2 {[%clk 0:48:03]} 19. Ng3
{[%clk 0:44:46]} a5 {[%clk 0:41:15]} 20. fxe6 {[%clk 0:28:47]} fxe6
{[%clk 0:40:24]} 21. Rg1 {[%clk 0:29:03]} Rxg1 {[%clk 0:39:11]} 22. Rxg1
{[%clk 0:29:31]} Kd7 {[%clk 0:25:05]} 23. Qxh7 {[%clk 0:26:18]} Ra8
{[%clk 0:25:29]} 24. Ne2 {[%clk 0:25:13]} b4 {[%clk 0:24:22]} 25. c3
{[%clk 0:22:16]} Bb5 {[%clk 0:19:32]} 26. Qh3 {[%clk 0:19:07]} Rb8
{[%clk 0:17:12]} 27. c4 {[%clk 0:16:44]} Bc6 {[%clk 0:16:58]} 28. Qe3
{[%clk 0:16:06]} f5 {[%clk 0:16:33]} 29. Nd4 {[%clk 0:11:48]} Bf6
{[%clk 0:16:13]} 30. Qe2 {[%clk 0:09:44]} Qxd4 {[%clk 0:16:14]} 0-1

[Event "Moscow Open 2016 B"]
[Site "?"]
[Date "2016.02.02"]
[Round "4.19"]
[White "Soumya, Swaminathan"]
[Black "Bodnaruk, Anastasia"]
[Result "1/2-1/2"]
[BlackElo "2453"]
[WhiteElo "2345"]
[LiveChessVersion "1.4.7"]

1. e4 {[%clk 1:29:45]} c5 {[%clk 1:30:54]} 2. Nf3 {[%clk 1:30:11]} d6
{[%clk 1:31:21]} 3. d4 {[%clk 1:30:37]} cxd4 {[%clk 1:31:48]} 4. Nxd4
{[%clk 1:31:03]} Nf6 {[%clk 1:32:14]} 5. Nc3 {[%clk 1:31:28]} a6 {[%clk 1:32:43]}
6. Bg5 {[%clk 1:31:45]} Nbd7 {[%clk 1:32:38]} 7. Qe2 {[%clk 1:32:10]} e6
{[%clk 1:31:49]} 8. f4 {[%clk 1:32:15]} Qc7 {[%clk 1:31:53]} 9. O-O-O
{[%clk 1:32:15]} b5 {[%clk 1:31:30]} 10. a3 {[%clk 1:30:34]} Bb7 {[%clk 1:30:56]}
11. g4 {[%clk 1:28:54]} Be7 {[%clk 1:30:27]} 12. Bh4 {[%clk 1:23:54]} Nb6
{[%clk 1:29:25]} 13. g5 {[%clk 1:19:56]} Nfd7 {[%clk 1:29:35]} 14. Be1
{[%clk 1:20:09]} d5 {[%clk 1:15:20]} 15. e5 {[%clk 1:08:43]} Nc4 {[%clk 1:08:28]}
16. h4 {[%clk 1:08:30]} Qb6 {[%clk 0:55:52]} 17. Rh3 {[%clk 1:01:58]} Nc5
{[%clk 0:49:52]} 18. f5 {[%clk 0:52:26]} b4 {[%clk 0:43:16]} 19. axb4
{[%clk 0:52:03]} Qxb4 {[%clk 0:42:52]} 20. Nb3 {[%clk 0:52:25]} Qb6
{[%clk 0:39:12]} 21. Bf2 {[%clk 0:42:48]} Rc8 {[%clk 0:28:31]} 22. f6
{[%clk 0:38:48]} gxf6 {[%clk 0:27:41]} 23. exf6 {[%clk 0:39:05]} Bd6
{[%clk 0:26:27]} 24. Kb1 {[%clk 0:32:25]} Qb4 {[%clk 0:20:09]} 25. Na2
{[%clk 0:28:23]} Qb6 {[%clk 0:19:26]} 26. Nc3 {[%clk 0:28:38]} Qb4
{[%clk 0:19:19]} 27. Na2 {[%clk 0:15:43]} Qb5 {[%clk 0:19:20]} 28. Nc3
{[%clk 0:15:58]} Qb4 {[%clk 0:19:48]} 1/2-1/2

[Event "Moscow Open 2016 B"]
[Site "?"]
[Date "2016.02.02"]
[Round "4.20"]
[White "Vasilevich, Tatjana"]
[Black "Khlichkova, Tatiana"]
[Result "1-0"]
[BlackElo "2285"]
[WhiteElo "2380"]
[LiveChessVersion "1.4.7"]

1. d4 {[%clk 1:30:58]} d5 {[%clk 1:30:54]} 2. c4 {[%clk 1:31:23]} c6
{[%clk 1:31:20]} 3. Nf3 {[%clk 1:31:41]} Nf6 {[%clk 1:31:43]} 4. Qc2
{[%clk 1:32:00]} g6 {[%clk 1:31:28]} 5. g3 {[%clk 1:28:39]} Bg7 {[%clk 1:30:08]}
6. Bg2 {[%clk 1:29:02]} O-O {[%clk 1:27:07]} 7. O-O {[%clk 1:28:52]} Bf5
{[%clk 1:27:08]} 8. Qb3 {[%clk 1:28:50]} Qb6 {[%clk 1:27:04]} 9. Nc3
{[%clk 1:14:33]} Nbd7 {[%clk 1:22:40]} 10. cxd5 {[%clk 1:10:56]} Qxb3
{[%clk 1:23:04]} 11. axb3 {[%clk 1:11:24]} Nxd5 {[%clk 1:22:43]} 12. Bd2
{[%clk 0:48:22]} Nb4 {[%clk 1:08:42]} 13. Bg5 {[%clk 0:17:47]} Rfe8
{[%clk 1:06:37]} 14. Rfc1 {[%clk 0:09:43]} Nc2 {[%clk 1:00:01]} 15. Ra4
{[%clk 0:10:00]} Nb6 {[%clk 0:58:09]} 16. e4 {[%clk 0:09:27]} Nxa4
{[%clk 0:56:54]} 17. bxa4 {[%clk 0:09:24]} Bxe4 {[%clk 0:56:53]} 18. Nxe4
{[%clk 0:09:48]} Nxd4 {[%clk 0:57:20]} 19. Nxd4 {[%clk 0:09:47]} Bxd4
{[%clk 0:57:43]} 20. b3 {[%clk 0:09:50]} Rad8 {[%clk 0:57:11]} 21. h4
{[%clk 0:09:28]} Kg7 {[%clk 0:56:57]} 22. Kf1 {[%clk 0:07:16]} h6
{[%clk 0:54:13]} 23. Be3 {[%clk 0:07:16]} Bxe3 {[%clk 0:53:03]} 24. fxe3
{[%clk 0:07:45]} e5 {[%clk 0:52:56]} 25. Nc5 {[%clk 0:06:40]} Re7
{[%clk 0:46:22]} 26. a5 {[%clk 0:06:27]} f5 {[%clk 0:46:23]} 27. a6
{[%clk 0:02:51]} b6 {[%clk 0:46:49]} 28. Na4 {[%clk 0:01:32]} c5 {[%clk 0:47:05]}
29. Bb7 {[%clk 0:01:47]} Rb8 {[%clk 0:31:50]} 30. Rd1 {[%clk 0:01:27]} Rc7
{[%clk 0:22:41]} 31. Rd5 {[%clk 0:00:49]} e4 {[%clk 0:18:18]} 32. Ke2
{[%clk 0:01:01]} Kf6 {[%clk 0:12:39]} 33. Rd6+ {[%clk 0:00:56]} Ke5
{[%clk 0:13:03]} 34. Rd5+ {[%clk 0:01:00]} Ke6 {[%clk 0:13:25]} 35. Nc3
{[%clk 0:01:23]} b5 {[%clk 0:13:15]} 36. Rd1 {[%clk 0:01:20]} Rcxb7
{[%clk 0:12:01]} 37. axb7 {[%clk 0:01:49]} Rxb7 {[%clk 0:12:26]} 38. Rd8
{[%clk 0:01:54]} a5 {[%clk 0:06:40]} 39. Ra8 {[%clk 0:02:07]} c4 {[%clk 0:07:06]}
40. bxc4 {[%clk 0:31:07]} bxc4 {[%clk 0:37:31]} 41. Ra6+ {[%clk 0:29:20]} Kf7
{[%clk 0:35:13]} 42. Rxa5 {[%clk 0:29:32]} Rb2+ {[%clk 0:35:07]} 43. Kd1
{[%clk 0:29:41]} Rf2 {[%clk 0:34:59]} 44. Ra3 {[%clk 0:20:07]} Ke6
{[%clk 0:34:00]} 45. Ne2 {[%clk 0:19:15]} Kd5 {[%clk 0:31:26]} 46. Ra5+
{[%clk 0:17:52]} Kd6 {[%clk 0:31:51]} 47. Ra6+ {[%clk 0:13:21]} Kc5
{[%clk 0:32:17]} 48. Rxg6 {[%clk 0:13:31]} h5 {[%clk 0:16:47]} 49. Rh6
{[%clk 0:11:17]} Kb4 {[%clk 0:07:25]} 50. Rxh5 {[%clk 0:08:21]} c3
{[%clk 0:07:06]} 51. Ke1 {[%clk 0:08:02]} Rf3 {[%clk 0:07:31]} 52. Rh8
{[%clk 0:08:09]} Rxe3 {[%clk 0:06:37]} 53. Rb8+ {[%clk 0:06:34]} Ka3
{[%clk 0:01:54]} 54. Rc8 {[%clk 0:06:53]} Kb2 {[%clk 0:02:13]} 55. Rxc3
{[%clk 0:06:48]} Rxc3 {[%clk 0:02:25]} 56. Nxc3 {[%clk 0:07:17]} Kxc3
{[%clk 0:02:49]} 57. h5 {[%clk 0:07:23]} 1-0